Southville International School and Colleges
Your cart is empty.
  • Cart
  • Lists
    Public lists Eva Luna New books Lux_list list_1
    Your lists Log in to create your own lists
  • Log in to your account
  • Your cookies
  • Search history
Southville International School and Colleges
  • Advanced search
  • Recent comments
  • Most popular
  • Libraries

Log in to your account

Log in with GOOGLE


If you do not have an external account, but do have a local account, you can still log in:

  1. Home
  2. MARC view: Auschwitz :
Normal view MARC view ISBD view

Auschwitz : (Record no. 109367)

[ view plain ]
MARC details
000 -LEADER
fixed length control field 00682nam a2200229 a 4500
005 - DATE AND TIME OF LATEST TRANSACTION
control field 20140414093842.0
008 - FIXED-LENGTH DATA ELEMENTS--GENERAL INFORMATION
fixed length control field 081128s19uu xx 00 eng d
050 ## - LIBRARY OF CONGRESS CALL NUMBER
Classification number DVD 940
Item number AUS 2005
100 ## - MAIN ENTRY--PERSONAL NAME
Personal name Rees, Laurence
245 ## - TITLE STATEMENT
Title Auschwitz :
Statement of responsibility, etc Laurence Rees.
Remainder of title the Nazis and the final solution /
260 ## - PUBLICATION, DISTRIBUTION, ETC. (IMPRINT)
Name of publisher, distributor, etc BBC Worldwide,
Date of publication, distribution, etc c2005.
300 ## - PHYSICAL DESCRIPTION
Extent 1 DVD,
440 ## - SERIES STATEMENT/ADDED ENTRY--TITLE
Title BBC History of the World War II
500 ## - GENERAL NOTE
General note "2 Titles in each DVD"
520 ## - SUMMARY, ETC.
Summary, etc Contents: Surprising beginnings--Orders and initiatives.
650 ## - SUBJECT ADDED ENTRY--TOPICAL TERM
Topical term or geographic name as entry element World War II.
650 ## - SUBJECT ADDED ENTRY--TOPICAL TERM
Topical term or geographic name as entry element Documentary films.
650 ## - SUBJECT ADDED ENTRY--TOPICAL TERM
Topical term or geographic name as entry element Nazis.
650 ## - SUBJECT ADDED ENTRY--TOPICAL TERM
Topical term or geographic name as entry element International Baccalaureate.
942 ## - ADDED ENTRY ELEMENTS (KOHA)
Koha item type Audio Visual Materials
Holdings
Withdrawn status Lost status Damaged status Use restrictions Home library Current library Shelving location Date acquired Source of acquisition Total Checkouts Full call number Barcode Date last seen Price effective from Koha item type
        Luxembourg Library Luxembourg Library Audio Visual Material Section 11/28/2008     DVD 940 AUS 2005 AV1007 04/14/2014 04/14/2014 Audio Visual Materials

Auschwitz :

APA

Rees L., . (2005). Auschwitz. : BBC Worldwide.

Chicago

Rees Laurence, . 2005. Auschwitz. : BBC Worldwide.

Harvard

Rees L., . (2005). Auschwitz. : BBC Worldwide.

MLA

Rees Laurence, . Auschwitz. : BBC Worldwide. 2005.

  • Place hold
  • Print
  • Cite
  • Add to your cart (remove)
  • Save record
    BIBTEX Dublin Core MARCXML MARC (non-Unicode/MARC-8) MARC (Unicode/UTF-8) MARC (Unicode/UTF-8, Standard) MODS (XML) RIS
  • More searches
    Search for this title in:
    Other Libraries (WorldCat) Other Databases (Google Scholar) Online Stores (Bookfinder.com) Open Library (openlibrary.org)

Exporting to Dublin Core...

SOUTHVILLE LIBRARY

Southville International School and Colleges Library

1281 Tropical Ave. Cor. Luxembourg St., BF Homes International, Las Pinas City

Tel. No. 8256374 / 252358 Loc. 117/146

Powered by Koha